000 00543nam a22001817a 4500
005 20251108171228.0
008 250721s1986 xx 000 0 ara d
082 1 4 _aم/413/محم
100 1 _aجبل، محمد حسن حسن
245 1 0 _aالإستدراك على المعاجم العربية /
264 1 _aالقاهرة :
_bدار الفكر العربي،
_c1986.
300 _a296ص
650 1 7 _aعلم المعاجم
650 1 7 _aلسان العرب
650 1 7 _aتاج العروس
942 _2ddc
_cBK
999 _c59874
_d59874